|
|
|
|
| LEADER |
01029nam a2200277 a 4500 |
| 001 |
GR-Patra6718 |
| 008 |
991022s1996 nyu 000 b eng d |
| 020 |
|
|
|a 0471110566
|
| 040 |
|
|
|a GrPaTEI
|b gre
|c GR-PaULI
|
| 245 |
0 |
0 |
|a Human resource management in the hospitality industry.
|
| 260 |
|
|
|a New York :
|b Wiley,
|c 1996
|
| 300 |
|
|
|a xvii, 330σ.
|
| 500 |
|
|
|a Bibliography: p.301-309
|
| 650 |
|
0 |
|a INDUSTRIAL MANAGEMENT
|
| 650 |
|
0 |
|a Management
|
| 650 |
|
4 |
|a ΒΙΟΜΗΧΑΝΙΑ ΤΟΥΡΙΣΜΟΥ
|
| 650 |
|
4 |
|a ΔΙΟΙΚΗΣΗ ΚΑΙ ΟΡΓΑΝΩΣΗ
|
| 650 |
|
4 |
|a Τουρισμός
|
| 650 |
|
4 |
|a Τουρισμός
|x Διοίκηση και οργάνωση
|
| 700 |
1 |
|
|a Baum, Tom
|
| 700 |
1 |
|
|a Go, Frank M.
|
| 700 |
1 |
|
|a Monachello, Mary
|
| 942 |
|
|
|2 ddc
|
| 952 |
|
|
|0 0
|1 0
|2 ddc
|4 0
|6 647_940683000000000_GO
|7 0
|9 288052
|a LISK
|b LISK
|c BSC
|d 2021-01-17
|e 24
|f 0
|g 0.00
|l 0
|o 647.940683 GO
|p 92410010134
|r 2021-01-17 00:00:00
|t 1
|w 2021-01-17
|y BK15
|x 19991024 0 1
|x GrPaTEI
|
| 971 |
|
|
|a .b26542328
|b 15-04-20
|c 23-09-16
|
| 999 |
|
|
|c 167988
|d 167988
|